16 Villes d'Europe en R en images - Statistiques

Statistiques générales
  • Ce quiz a été pris 90 fois
  • Le résultat moyen est 6 sur 16
Statistiques - réponses
Par images Hint Réponse % Correct
Italie Rome
99%
Pays-Bas Rotterdam
96%
France Rouen
78%
Lettonie Riga
66%
France Rennes
51%
Italie Rimini
40%
Proche Arctique Reykjavik
31%
Russie Rostov
25%
Grèce Rhodes
24%
Finlande Rovaniemi
24%
France Rodez
20%
Allemagne Ratisbonne
12%
Royaume-Uni Reading
11%
Danemark Roskilde
7%
Belgique Roulers
5%
Suisse Renens
4%
Aucun quiz correspondant
Distribution des résultats
% des personnes avec chaque résultat
Percentile par nombre de réponses
Votre historique - résultats
Vous n’avez pas pris ce quiz